Porovnanie cestovného ruchu Slovenska a Rakúska na základe vybraných ukazovateľov

Definície cestovného ruchu. Charakteristika cestovného ruchu na Slovensku a v Rakúsku a porovnanie ich na základe vybraných ukazovateľov. Teoretická časť príspevku je spracovaná pomocou odbornej literatúry zaoberajúcej sa problematikou cestovného ruchu. Použité sú sekundárne údaje slovenského a rakú...

Description complète

Enregistré dans:
Détails bibliographiques
Auteur principal: Žembová, Zuzana
Format: Chapitre de livre
Langue:slovaque
Sujets:
Tags: Ajouter un tag
Pas de tags, Soyez le premier à ajouter un tag!

MARC

LEADER 00000nla$a2200000$$$4500
001 0082460
005 20240523124339.8
041 0 |a slo 
044 |a SK 
245 1 0 |a Porovnanie cestovného ruchu Slovenska a Rakúska na základe vybraných ukazovateľov  |c Zuzana Žembová 
520 |a Definície cestovného ruchu. Charakteristika cestovného ruchu na Slovensku a v Rakúsku a porovnanie ich na základe vybraných ukazovateľov. Teoretická časť príspevku je spracovaná pomocou odbornej literatúry zaoberajúcej sa problematikou cestovného ruchu. Použité sú sekundárne údaje slovenského a rakúskeho štatistického úradu a Ministerstva hospodárstva SR. Hlavnou metódou je analýza a spracovanie dostupných informácií, zaoberajúcich sa danou tematikou z knižných publikácií a informačných prameňov v elektronickej forme. 
610 2 0 |a ruch cestovný 
610 2 0 |a ukazovatele 
610 2 0 |a Rakúsko 
610 2 0 |a Slovensko 
100 1 |a Žembová, Zuzana